| 000 | 00854nam a2200181 i 4500 | ||
|---|---|---|---|
| 001 | 189573 | ||
| 003 | ES-MaACL | ||
| 005 | 20231224062936.0 | ||
| 008 | 190620s1854 sp bf |||| | spa d | ||
| 100 | 1 |
_aBotella y de Hornos, Federico de, _d1822-1899 _930760 |
|
| 245 | 1 | 0 |
_aOjeada sobre la geología del Reino de Valencia / _cpor Federico de Botella ; 1854, publicada de Real Orden. |
| 260 |
_aMadrid : _bImp. de la Viuda de Don Antonio Yenes, _c1854. |
||
| 300 |
_a15 p., [2] h. de lám. pleg. ; _c28 cm. |
||
| 599 | _a1 lám. es 1 mapa geológico a col. | ||
| 650 | 4 |
_aGeología- _zValencia (Comunidad Autónoma) _9167378 |
|
| 852 |
_aES-MaACL _jL-32448(5) _z- Enc. cart. _z. - Legado Federico de Botella y de Hornos _z- Enc. en un vol. facticio, con tít. en el lomo de: España, geología: memorias varias, 1 |
||
| 999 |
_c189573 _d189573 |
||